| 000 | 00837pam a2200265 a 4500 | ||
|---|---|---|---|
| 999 |
_c680 _d680 |
||
| 001 | 1146053 | ||
| 003 | OSt | ||
| 005 | 20190827092700.0 | ||
| 008 | 951211s1996 maua b 001 0 eng c | ||
| 010 | _a 95052215 | ||
| 020 | _a075069744X (alk. paper) | ||
| 040 |
_aDNLM/DLC _cDLC _dDLC |
||
| 050 | 0 | 0 |
_aRC271.P33 _bW34 1996 |
| 060 | 1 | 0 | _aQZ 266 W198h 1996 |
| 082 | 0 | 0 |
_aQZ 200 WAL 1996 _220 |
| 100 | 1 |
_aWaller, Alexander; Nancy L. Caroline. _91782 |
|
| 245 | 1 | 0 | _aHandbook of Palliative Care in Cancer |
| 260 |
_aBoston : _bButterworth-Heinemann, _cc1996. |
||
| 300 |
_axxxi, 485 p. : _bill. ; _c22 cm. |
||
| 504 | _aIncludes bibliographical references and index. | ||
| 650 | 0 |
_aCancer _xPalliative treatment. _91783 |
|
| 650 | 1 | 2 |
_aNeoplasms _xtherapy. _91784 |
| 906 |
_a7 _bcbc _corignew _d1 _eocip _f19 _gy-gencatlg |
||
| 942 |
_2z _cSLOAN |
||